<?xml version="1.0" encoding="UTF-8"?>
<marc:record xmlns:marc="http://www.loc.gov/MARC21/slim">
   <marc:leader>00000nam a2200000 a 4500</marc:leader>
   <marc:datafield ind1="1" ind2=" " tag="100">
      <marc:subfield code="a">Lammel, Martina</marc:subfield>
      <marc:subfield code="4">aut</marc:subfield>
      <marc:subfield code="e">Verfasser/-in</marc:subfield>
   </marc:datafield>
   <marc:datafield ind1="0" ind2="0" tag="245">
      <marc:subfield code="a">Meine 100 liebsten Kreativ-Projekte – Basteln durchs Jahr mit Martina Lammel, der beliebten TV-Expertin</marc:subfield>
   </marc:datafield>
   <marc:datafield ind1="0" ind2="0" tag="245">
      <marc:subfield code="b">Mit großem Vorlagenposter</marc:subfield>
   </marc:datafield>
   <marc:datafield ind1="0" ind2="0" tag="245">
      <marc:subfield code="c">Martina Lammel</marc:subfield>
   </marc:datafield>
   <marc:datafield ind1=" " ind2="1" tag="264">
      <marc:subfield code="a">München</marc:subfield>
      <marc:subfield code="b">Edition Michael Fischer / EMF Verlag</marc:subfield>
      <marc:subfield code="c">2020</marc:subfield>
   </marc:datafield>
   <marc:datafield ind1=" " ind2=" " tag="250">
      <marc:subfield code="a">1. Auflage</marc:subfield>
   </marc:datafield>
   <marc:datafield ind1="1" ind2=" " tag="520">
      <marc:subfield code="a">Angaben aus der Verlagsmeldung

Meine 100 liebsten Kreativ-Projekte – Basteln durchs Jahr mit Martina Lammel, der beliebten TV-Expertin : Mit großem Vorlagenposter / von Martina Lammel

Mit Martina Lammel, bekannt aus dem ARD-Buffet, durchs Jahr basteln! Das geht mit unserem Buch „Meine 100 Liebsten Kreativprojekte“. Der bunte Mix aus verschiedenen Techniken und Materialien bietet vielseitige Abwechslung, sodass einem nie langweilig wird. Jeder findet das für sich passende Projekt. Es wird upgecycelt, geschraubt, gemalt und gebastelt! Die mit Liebe gestalteten Ergebnisse sin einzigartige Unikate und eignen sich hervorragend als Geschenk. Basteln mit Martina Lammel macht Spaß – das ganze Jahr über!
</marc:subfield>
   </marc:datafield>
   <marc:datafield ind1=" " ind2=" " tag="020">
      <marc:subfield code="a">9783745900989</marc:subfield>
      <marc:subfield code="9">9783745900989</marc:subfield>
   </marc:datafield>
   <marc:datafield ind1=" " ind2=" " tag="020">
      <marc:subfield code="a">3745900987</marc:subfield>
      <marc:subfield code="9">3745900987</marc:subfield>
   </marc:datafield>
   <marc:datafield ind1=" " ind2=" " tag="041">
      <marc:subfield code="a">ger</marc:subfield>
   </marc:datafield>
   <marc:datafield ind1=" " ind2=" " tag="300">
      <marc:subfield code="a">176 Seiten</marc:subfield>
   </marc:datafield>
</marc:record>
